| 000 | 00694cam a2200181 i 4500 | ||
|---|---|---|---|
| 005 | 20260217120106.0 | ||
| 008 | 250721s2000 su gr 000 0 ara d | ||
| 020 | _a9960260577 | ||
| 082 | 1 | 4 |
_a413.09 _bق ن ى |
| 100 | 1 |
_aقنيبي، حامد _eمؤلف. |
|
| 245 | 1 | 2 |
_aالمعاجم والمصطلحات : _bمباحث في المصطلحات والمعاجم والتعريب / _cتأليف الدكتور حامد صادق قنيبي. |
| 250 | _aالطبعة الأولى. | ||
| 264 | 3 | 1 |
_aجدة : _bالدار السعودية للنشر والتوزيع، _c2000. |
| 300 | _a343 صفحة. | ||
| 650 | 1 | 7 | _aعلم المعاجم. |
| 942 |
_2ddc _cBK |
||
| 999 |
_c6002 _d6002 |
||